| 000 | 00903nam a2200289 i 4500 | ||
|---|---|---|---|
| 001 | 000002046 | ||
| 003 | DO-SdBNP | ||
| 005 | 20260219124458.0 | ||
| 007 | ta | ||
| 008 | 090630s2002 dr r 000 0 spa d | ||
| 040 |
_aDO-SdBNP _bspa _cBNPHU _erda |
||
| 041 | _aspa | ||
| 082 |
_a340.54 _bS232c _222 |
||
| 100 |
_aSantana Marcano, Miguel Ángel, _d1967- _eautor _948937 |
||
| 245 | 1 | 0 |
_aCompendio del derecho sucesoral romano / _cMiguel Ángel Santana Marcano. |
| 264 |
_aSanto Domingo : _bLa Filantrópica, _c2002. |
||
| 270 |
_aCalle Mercedes esq. Hostos, zona colonial _bSanto Domingo |
||
| 300 |
_a30 páginas ; _c20 cm. |
||
| 336 |
_ardacontent _btexto _2txt |
||
| 337 |
_ardamedia _bsin mediación _2n |
||
| 338 |
_ardacarrier _bvolumen _2nc |
||
| 500 | _aIncluye índice | ||
| 590 | _aInventariado 2026/DG | ||
| 650 | 7 |
_aDerecho sucesorio _93573 _2LIBRUNAM |
|
| 910 | _aDG | ||
| 942 |
_2ddc _cLF2 |
||
| 999 |
_c1910 _d1910 |
||